| 000 | 02913nam0a2200433 4500 | ||
|---|---|---|---|
| 001 | RU\NLR\bibl\1452294 | ||
| 005 | 20250615232231.0 | ||
| 010 |
_a978-5-87334-117-7 _91000 |
||
| 021 |
_aRU _b2009-86371 _95440 |
||
| 035 | _a(nilc)RSL-KNO-004404395 | ||
| 035 | _a(NLR Aleph) 001444105 | ||
| 090 |
_a1481527 _c1481527 |
||
| 100 | _a20091021d2010 |||y0rusy50 ca | ||
| 101 | 0 | _arus | |
| 102 | _aRU | ||
| 105 | _aach ||||||||| | ||
| 200 | 1 |
_aТаиров. Европа и Америка _eзарубежные гастроли Московского Камерного театра, 1923-1930 _fСветлана Сбоева _gСоюз театр. деятелей Рос. Федерации, Рос. ин-т истории искусств М-ва культуры Рос. Федерации |
|
| 210 |
_aМосква _cАртист. Режиссер. Театр _d2010 |
||
| 215 |
_a683, [1] с., [32] л. ил., портр., факс. _cил., портр., факс. _d22 |
||
| 320 | _aБиблиогр. в примеч.: с. 529-578 | ||
| 320 | _aУказ. имен: с. 579-673 | ||
| 320 | _aУказ. произведений: с. 674-681 | ||
| 600 | 1 |
_aТаиров _bА.Я. _f1885 - 1950 _gАлександр Яковлевич _91731823 _3RU\NLR\auth\661070390 |
|
| 601 | 0 | 2 |
_aМосковский камерный театр _91745528 _3RU\NLR\auth\661077288 |
| 610 | 0 | _aИскусство. Искусствознание -- Театр -- Драматический театр -- История драматического театра -- Российская Федерация -- Русский драматический театр -- Таиров Александр Яковлевич (1885 - 1950) - режиссер театра | |
| 610 | 0 | _aИскусство. Искусствознание -- Театр -- Драматический театр -- История драматического театра -- Российская Федерация -- Русский драматический театр -- Москва, город -- Московский государственный камерный театр -- Творческие взаимосвязи -- Гастроли по зарубежным странам | |
| 686 |
_aЩ334.3(2Р=Р)7-85Таиров А.Я.4,0 _2rubbk |
||
| 686 |
_aЩ334.3(2Р=Р)7-692Москва8Камерный театр-013,0 _2rubbk |
||
| 686 | _aЩ334.3(2Р=Рус)7-85Таиров | ||
| 686 | _aЩ334.3(2Р=Рус)7-692Москва8Камерный театр | ||
| 700 | 1 |
_aСбоева _bС. Г. _gСветлана Георгиевна _4070 |
|
| 702 | 1 |
_aТаиров _bА. Я. _f1885-1950 _gАлександр Яковлевич _4570 |
|
| 801 | 0 |
_aRU _bРКП _c20091021 _grcr |
|
| 801 | 1 |
_aRU _bРГБ _c20091021 |
|
| 801 | 2 |
_aRU _bNLR _c20091118 _grcr |
|
| 942 | _cBOOK | ||
| 980 | _aNB | ||